Japan 1998 FIFA World Cup Squad - Statistics

General Stats
  • This quiz has been taken 11 times
  • The average score is 13 of 22
Answer Stats
Hint Position Answer % Correct
8 MF Hideroshi Nakata
100%
11 MF Shinji Ono
100%
10 MF HIroshi Nanami
83%
9 FW Masashi Nakayama
83%
20 GK Yoshikatsu Kawaguchi
83%
15 MF Hiroaki Morishima
67%
4 DF Masami Ihara
67%
21 GK Seigo Narazaki
67%
18 FW Shoji Jo
67%
2 DF Akira Narahashi
50%
19 DF Eisuke Nakanishi
50%
14 FW Masayuki Okano
50%
6 MF Motohiro Yamaguchi
50%
3 DF Naoki Soma
50%
5 DF Norio Omura
50%
16 DF Toshihide Saito
50%
13 MF Toshihiro Hattori
50%
12 FW Wagner Lopes
50%
17 DF Yutaka Akita
50%
1 GK Nobuyuki Kojima
33%
22 MF Takashi Hirano
33%
7 MF Teruyoshi Ito
33%
No matching quizzes found
Score Distribution
Percent of People with Each Score
Percentile by Number Answered
Your Score History
You have not taken this quiz